00705nam a2200229 a 4500001001300000003000900013005001700022008004100039020002300080082001600103100002400119245003100143260003300174300000900207500003500216505003100251650002700282902000800309942000700317952013400324999001700458nice12345678IN_TiNIC20260116014954.0050524s1998 u sa grp 000 0 eng  a0800623 c10000a230.41bBLO aBloomquist, Karen L aPromise of Lutheran Ethics aU S abFortress Press c1998 a247p aincludes index and biblioraphy2 aNotes, Index, Bibliography aLutheran Church-Ethics bSRS cBK 001040708StackRoom-aHMIbHMId2007-06-14g100.00l1m1o230.41 BLOp11000663r2017-11-17s2017-10-16v100.00w2005-05-24yBK c17777d17777